<?xml version="1.0" encoding="UTF-8"?>
<record
    xmlns:xsi="http://www.w3.org/2001/XMLSchema-instance"
    xsi:schemaLocation="http://www.loc.gov/MARC21/slim http://www.loc.gov/standards/marcxml/schema/MARC21slim.xsd"
    xmlns="http://www.loc.gov/MARC21/slim">

  <leader>03581nam a2200325 a 4500</leader>
  <controlfield tag="003">OSt</controlfield>
  <controlfield tag="005">20250925114327.0</controlfield>
  <controlfield tag="007">cr ||||||a|a|a</controlfield>
  <controlfield tag="008">250826s2025    mx a|||fom||| 001 0 spa d</controlfield>
  <datafield tag="040" ind1=" " ind2=" ">
    <subfield code="e">rda</subfield>
  </datafield>
  <datafield tag="100" ind1="1" ind2=" ">
    <subfield code="a">D&#xE1;vila P&#xE9;rez, Ludwig Ram&#xF3;n</subfield>
    <subfield code="9">190987</subfield>
  </datafield>
  <datafield tag="245" ind1="1" ind2="0">
    <subfield code="a">Propuesta para el manejo intensivo de Ambytoma Leorae, en la estaci&#xF3;n forestal experimental Zoquiapan-Chapingo/</subfield>
    <subfield code="c">por Ludwig Ram&#xF3;n D&#xE1;vila P&#xE9;rez; director de tesis Beatriz Aguilar Valdez; secretario Andr&#xE9;s Gelacio Miranda Moreno; vocal Leopoldo Mohedano Caballero; suplente Jos&#xE9; Tulio M&#xE9;ndez Montiel; suplente Issac Ram&#xED;rez Barraza.</subfield>
  </datafield>
  <datafield tag="264" ind1=" " ind2="1">
    <subfield code="a">Chapingo, M&#xE9;xico :</subfield>
    <subfield code="b">El autor,</subfield>
    <subfield code="c">2025.</subfield>
  </datafield>
  <datafield tag="300" ind1=" " ind2=" ">
    <subfield code="a">1 recurso en l&#xED;nea (117 p&#xE1;ginas):</subfield>
    <subfield code="b">cuadros, figuras.</subfield>
  </datafield>
  <datafield tag="336" ind1=" " ind2=" ">
    <subfield code="2">rdacontent</subfield>
    <subfield code="a">texto</subfield>
    <subfield code="b">txt</subfield>
  </datafield>
  <datafield tag="337" ind1=" " ind2=" ">
    <subfield code="2">rdamedia</subfield>
    <subfield code="a">computadora</subfield>
    <subfield code="b">c</subfield>
  </datafield>
  <datafield tag="338" ind1=" " ind2=" ">
    <subfield code="2">rdacarrier</subfield>
    <subfield code="a">recurso en l&#xED;nea</subfield>
    <subfield code="b">cr</subfield>
  </datafield>
  <datafield tag="502" ind1=" " ind2=" ">
    <subfield code="b">IF</subfield>
    <subfield code="b">IF</subfield>
    <subfield code="d">2025.</subfield>
    <subfield code="g">LIC</subfield>
  </datafield>
  <datafield tag="504" ind1=" " ind2=" ">
    <subfield code="a">Incluye referencias bibliogr&#xE1;ficas: p&#xE1;ginas 77-86.</subfield>
  </datafield>
  <datafield tag="520" ind1=" " ind2=" ">
    <subfield code="a">Ambystoma leorae es una especie restringida al Parque Nacional Iztacc&#xED;huatl-Popocat&#xE9;petl a lo largo del l&#xED;mite del Estado de M&#xE9;xico con Puebla. Se encuentra en arroyos y pozas en altitudes superiores a los 3,000 msnm, en la parte norte de la Sierra Nevada, espec&#xED;ficamente en los alrededores del poblado de R&#xED;o Fr&#xED;o y en el Monte Tl&#xE1;loc, dentro de los municipios de Tlalmanalco e Ixtapaluca (Frost, 2019). Esta especie se encuentra en la NOM-059-SEMARNAT-2010 con la categor&#xED;a de Amenazada (A); y de acuerdo con la Lista Roja de la Uni&#xF3;n Internacional para la Conservaci&#xF3;n de la Naturaleza est&#xE1; en la categor&#xED;a de En Peligro Cr&#xED;tico (Cr). Debido a lo anterior es importante que se sumen esfuerzos para la protecci&#xF3;n, desarrollo y conservaci&#xF3;n de la especie. En este trabajo de investigaci&#xF3;n se presenta una propuesta de manejo integral para la conservaci&#xF3;n de Ambystoma leorae, una especie afectada por graves problemas ecol&#xF3;gicos como la deforestaci&#xF3;n, el sobrepastoreo, y la sobreexplotaci&#xF3;n de acu&#xED;feros. Debido a la falta de estudios y acciones de conservaci&#xF3;n espec&#xED;ficas, la propuesta busca desarrollar e implementar estrategias para preservar y conservar la especie mediante el manejo en condiciones ex situ dentro de la Estaci&#xF3;n Forestal Experimental Zoquiapan de la Universidad Aut&#xF3;noma Chapingo, sitio que cuenta con las caracter&#xED;sticas necesarias para el desarrollo de esta especie. Las estrategias incluyen una propuesta de infraestructura seg&#xFA;n las necesidades de la especie de inter&#xE9;s, con esta informaci&#xF3;n se desarroll&#xF3; un programa de manejo para la conservaci&#xF3;n, reproducci&#xF3;n y promover el conocimiento sobre la importancia de estos individuos dentro del ANP. Se espera que estas acciones contribuyan a la recuperaci&#xF3;n de la poblaci&#xF3;n de Ambystoma leorae y proporcionen una base s&#xF3;lida para futuros estudios. La propuesta subraya la importancia de estas medidas para garantizar la conservaci&#xF3;n efectiva y la sostenibilidad ecol&#xF3;gica de la especie."</subfield>
  </datafield>
  <datafield tag="650" ind1=" " ind2="4">
    <subfield code="a">Ajolote de r&#xED;o</subfield>
    <subfield code="x">Conservaci&#xF3;n</subfield>
    <subfield code="9">191245</subfield>
  </datafield>
  <datafield tag="650" ind1=" " ind2="4">
    <subfield code="a">Ajolote de r&#xED;o</subfield>
    <subfield code="x">Reproducci&#xF3;n</subfield>
    <subfield code="9">191244</subfield>
  </datafield>
  <datafield tag="700" ind1="1" ind2=" ">
    <subfield code="a">Aguilar Valdez, Beatriz Cecilia</subfield>
    <subfield code="9">190689</subfield>
    <subfield code="e">director.</subfield>
  </datafield>
  <datafield tag="700" ind1="1" ind2=" ">
    <subfield code="a">Miranda Moreno, Andr&#xE9;s Gelacio</subfield>
    <subfield code="9">76095</subfield>
    <subfield code="e">secretario.</subfield>
  </datafield>
  <datafield tag="700" ind1="1" ind2=" ">
    <subfield code="a">Mohedano Caballero, Leopoldo</subfield>
    <subfield code="9">77285</subfield>
    <subfield code="e">vocal.</subfield>
  </datafield>
  <datafield tag="700" ind1="1" ind2=" ">
    <subfield code="a">M&#xE9;ndez Montiel, Jos&#xE9; Tulio</subfield>
    <subfield code="9">76543</subfield>
    <subfield code="e">suplente.</subfield>
  </datafield>
  <datafield tag="700" ind1="1" ind2=" ">
    <subfield code="a">Ram&#xED;rez Barraza, Isaac</subfield>
    <subfield code="9">136670</subfield>
    <subfield code="e">suplente.</subfield>
  </datafield>
  <datafield tag="856" ind1=" " ind2=" ">
    <subfield code="z">DESCARGAR PDF</subfield>
    <subfield code="u">http://10.13.5.2/tesis/tl/0810254-6_DAVILA_PEREZ_LUDWIG%20RAMON.pdf</subfield>
  </datafield>
  <datafield tag="942" ind1=" " ind2=" ">
    <subfield code="2">Clasificaci&#xF3;n Universidad Aut&#xF3;noma Chapingo</subfield>
    <subfield code="c">TD</subfield>
  </datafield>
  <datafield tag="999" ind1=" " ind2=" ">
    <subfield code="c">220852</subfield>
    <subfield code="d">220852</subfield>
  </datafield>
  <datafield tag="952" ind1=" " ind2=" ">
    <subfield code="0">0</subfield>
    <subfield code="1">0</subfield>
    <subfield code="2">local</subfield>
    <subfield code="4">0</subfield>
    <subfield code="5">1</subfield>
    <subfield code="7">0</subfield>
    <subfield code="8">TesDigL</subfield>
    <subfield code="a">BD</subfield>
    <subfield code="b">BD</subfield>
    <subfield code="c">E_L</subfield>
    <subfield code="d">2025-08-26</subfield>
    <subfield code="l">0</subfield>
    <subfield code="o">Tesis digital</subfield>
    <subfield code="r">2025-08-26 10:27:39</subfield>
    <subfield code="w">2025-08-26</subfield>
    <subfield code="y">TD</subfield>
  </datafield>
</record>
